01244cam a22002895a 45000010009000000050017000090080041000260200018000670400028000850430021001130820021001342450116001552600067002713000024003385000024003625040041003866500070004276500069004976500050005666500037006166510057006536530025007107000037007359420008007729990017007809520157007971766401220160823112135.0130318s2014 enk frb 001 0 eng d a9780415839471 aDLCbengcDLCdEG-ScBUE aff-----ama-----04a320.961223bREV00aRevolution, revolt and reform in North Africa :bthe Arab Spring and beyond /cedited by Ricardo Rene Laremont. aOxon ;aNew York :bRoutledge / Taylor & Francis Group,c2014. ax, 178 p. ;c24 cm. aIndex : p. 172-178. aIncludes bibliographical references. 7aRevolutionszArab countriesxHistoryy21st century.2BUEsh940495 7aRevolutionszAfrica, NorthxHistoryy21st century.2BUEsh940594 0aArab countriesxHistoryy21st century.2BUEsh 7aArab Spring, 2010-2BUEsh938992 7aAfrica, NorthxHistoryy21st century .2BUEsh940596 bBUSBOLcAugust 2016 1 aLaremont, Ricardo Rene,eeditor. 2ddc c22200d22172 00102ddc40708BaccahaMAINbMAINc1STd2016-08-23ePurchaseg431.00h26211l1m4o320.961 REVp000033311r2025-07-15 00:00:00s2016-09-26v539.00yBB